| 000 | 00503nam a22001697a 4500 | ||
|---|---|---|---|
| 999 |
_c524570 _d524570 |
||
| 003 | NUST | ||
| 038 | _aWaseem | ||
| 082 |
_a297.692 _bNOS |
||
| 100 |
_aNoshahi ,Muhammad Ashraf _915374 |
||
| 245 |
_aAzcar Nosha Gunj Buksh / _bMuhammad Ashraf Noshahi |
||
| 260 |
_aMundi Bhah ul din : _bAdarah Maraf Noshahia, _c1996. |
||
| 300 | _a304 p. ; | ||
| 500 | _aPapercover. | ||
| 880 |
_6100-01\r _aمحمد اشرف نوشاھی |
||
| 880 |
_6245-02\r _aاذکار نوشئہ گنج بخش |
||
| 942 |
_2ddc _cBK |
||